Herbs of siddha medicine / (Record no. 41627)

MARC details
000 -LEADER
fixed length control field 00711nam a22002057a 4500
005 - DATE AND TIME OF LATEST TRANSACTION
control field 20100813140529.0
010 ## - LCCN (DPL NO)
LC control number ENG-100122
020 ## - INTERNATIONAL STANDARD BOOK NUMBER
International Standard Book Number 9788190612302
Terms of availability 300.00
035 ## - SYSTEM CONTROL NUMBER
System control number EN-83654
037 ## - SOURCE OF ACQUISITION
Source of stock number/acquisition DBAD/PUB
082 ## - DEWEY DECIMAL CLASSIFICATION NUMBER
Classification number 581.63
100 ## - MAIN ENTRY--PERSONAL NAME
Personal name Raamachandran, J.
245 ## - TITLE STATEMENT
Title Herbs of siddha medicine /
Statement of responsibility, etc by J. Raamachandran
260 ## - PUBLICATION, DISTRIBUTION, ETC. (IMPRINT)
Place of publication, distribution, etc Chennai
Name of publisher, distributor, etc Murugan Pathippagam
Date of publication, distribution, etc 2008
270 ## - ADDRESS
Address 5, Kamakoti Nagar
City Chennai
Postal code 600087
300 ## - PHYSICAL DESCRIPTION
Extent Vol.1 vi, 204p. :
Dimensions 28cm (Hb)
Other physical details ill
500 ## - GENERAL NOTE
General note Included index
942 ## - ADDED ENTRY ELEMENTS (KOHA)
Source of classification or shelving scheme Dewey Decimal Classification
Item type English Books
Classification part 581.63
Call number suffix RAM
Holdings
Withdrawn status Lost status Not for loan Collection code Home library Current library Date acquired Source of acquisition Cost, normal purchase price Full call number Barcode Copy number Cost, replacement price Koha item type
    Not For Loan Non-fiction D.B.Act.Division D.B.Act.Division 13/08/2010 DBAD/PUB 300.00 581.63 RAM EN-83654 1 300.00 English Books

© Delhi Public Library
Hit Counter
free hit counter